000
00275nam a2200121 a 4500
001
4140
005
20140414132014.0
008
090218s19uu xx 00 eng d
050
_a
TR
_b
AN5 1998
100
_a
Murphy, Stuart J.
245
_a
Animals on board.
999
_c
113329
_d
113329